| 000 | 00513nab a2200145Ia 4500 | ||
|---|---|---|---|
| 003 | ES-SlBCS | ||
| 005 | 20210601124317.0 | ||
| 008 | 140529s1978 xxu||||| |||| 00| 0 eng d | ||
| 041 | _aeng | ||
| 100 | 1 |
_aHowlett, Charles J. _9139566 |
|
| 245 | 0 | 0 |
_aJohn Dewey and Nicholas Murray Butler: Contrastring Conceptiona of Peace Education in the Twenties _c Charles J. Howlett |
| 600 | 1 |
_aDewey, John-Butler, Murray _9139567 |
|
| 773 | 0 |
_tEducational Theory _gvol. 37, nº. 4, 1978, págs. 445-462 _wRev1399 |
|
| 942 | _cAR | ||
| 999 |
_c512737 _d512737 |
||